Derby County Premier League XIs - Statistics

General Stats
  • This quiz has been taken 109 times
  • The average score is 28 of 77
Answer Stats
Position Answer % Correct
ST Paulo Wanchope
66%
ST Paulo Wanchope
66%
GK Mart Poom
63%
GK Mart Poom
63%
GK Mart Poom
63%
ST Dean Sturridge
55%
ST Dean Sturridge
55%
ST Dean Sturridge
55%
MF Seth Johnson
53%
MF Seth Johnson
53%
DF Chris Powell
50%
DF Chris Powell
50%
MF Darryl Powell
50%
MF Darryl Powell
50%
MF Darryl Powell
50%
MF Darryl Powell
50%
MF Darryl Powell
50%
MF Igor Štimac
48%
MF Igor Štimac
48%
ST Kenny Miller
48%
ST Malcolm Christie
45%
ST Malcolm Christie
45%
GK Russell Hoult
44%
GK Russell Hoult
44%
MF Stefano Eranio
42%
MF Stefano Eranio
42%
DF Horacio Carbonari
41%
DF Horacio Carbonari
41%
DF Horacio Carbonari
41%
DF Claude Davis
39%
ST Dean Burton
39%
ST Deon Burton
39%
DF Chris Riggott
38%
DF Chris Riggott
38%
DF Darren Moore
38%
ST Fabrizio Ravanelli
38%
MF Aljoša Asanović
36%
DF Jacob Laursen
36%
DF Jacob Laursen
36%
DF Jacob Laursen
36%
DF Jacob Laursen
36%
MF Rory Delap
36%
MF Rory Delap
36%
MF Rory Delap
36%
GK Stephen Bywater
36%
ST Ashley Ward
34%
GK Andy Oakes
31%
ST Francesco Baiano
31%
MF Craig Burley
30%
MF Craig Burley
30%
DF Dean Leacock
30%
MF Stephen Pearson
30%
DF Danny Higginbotham
28%
DF Danny Higginbotham
28%
DF Gary Rowett
28%
DF Gary Rowett
28%
MF Lee Carsley
28%
MF Lee Carsley
28%
MF Matt Oakley
28%
MF Lars Bohinen
27%
DF Christian Dailly
25%
DF Christian Dailly
25%
DF Spencer Prior
23%
DF Stefan Schnoor
23%
DF Stefan Schnoor
23%
DF Tyrone Mears
23%
DF Steve Elliott
22%
DF James McEveley
20%
DF Youl Mawéné
20%
MF Paul Boertien
19%
MF Eddie Lewis
17%
DF Paul McGrath
17%
DF Luciano Zavagno
16%
DF Tony Dorigo
16%
MF Craig Fagan
14%
DF Warren Barton
11%
MF Pierre Ducrocq
6%
No matching quizzes found
Score Distribution
Percent of People with Each Score
Percentile by Number Answered
Your Score History
You have not taken this quiz